000 00615nam a2200181 i 4500
001 64929
003 ES-MaACL
005 20230906165246.0
007 t|
008 040107s1906 fr ||||1| fre d
100 1 _aFournier, Alfred.
_951973
245 1 0 _aTraité de la syphilis /
_cpar le Professeur Alfred Fournier ; rédigé d'après l'enseignement de l'Hôpital Saint-Louis par le Dr Edmond Fournier.
260 _aParis :
_bJ. Rueff,
_c1906 (
_eCorbeil :
_fCrété)
300 _a2 t. en 4 v. ;
_c25 cm.
650 0 4 _aSífilis.
_917092
700 1 _aFournier, Edmond.
_951977
852 _aES-MaACL
_jB-12096-99
999 _c64929
_d64929